[Event "Pan American Intercollegiate-chT"]
[Site "Kenner"]
[Date "2016.12.29"]
[Round "4.4"]
[White "Shen, Arthur"]
[Black "Ivanov, Mike"]
[Result "1/2-1/2"]
[WhiteElo "2421"]
[BlackElo "2299"]
[PlyCount "132"]
[EventDate "2016.12.27"]
[EventType "team-swiss"]
[EventRounds "6"]
[EventCountry "USA"]
[SourceTitle "CBM 176 Extra"]
[Source "ChessBase"]
[SourceDate "2017.03.02"]
[SourceVersion "1"]
[SourceVersionDate "2017.03.02"]
[SourceQuality "1"]
[WhiteTeam "Columbia Univ"]
[BlackTeam "Toronto Univ"]
[WhiteTeamCountry "USA"]
[BlackTeamCountry "USA"]

1. e4 e6 2. d4 d5 3. Nd2 Nf6 4. e5 Nfd7 5. Bd3 c5 6. c3 Nc6 7. Ne2 cxd4 8. cxd4 f6 9. exf6 Nxf6 10. Nf3 Bd6 11. 0-0 Qc7 12. Nc3 a6 13. Bd2 0-0 14. h3 b5 15. Re1 Qb6 16. Bg5 Ra7 17. Rc1 Rc7 18. Bb1 Na5 19. Ne5 Nc4 20. b3 Na3 21. Qd3 Bb4 22. Bd2 a5 23. f3 Ba6 24. Ne2 Bxd2 25. Qxd2 Nxb1 26. Rxb1 b4 27. Nd3 Bxd3 28. Qxd3 e5 29. Rbc1 e4 30. fxe4 Nxe4 31. Rxc7 Qxc7 32. Rf1 Rxf1+ 33. Kxf1 Qf7+ 34. Kg1 Qf2+ 35. Kh2 h5 36. Qf3 Qxf3 37. gxf3 Nc3 38. Nc1 Kf7 39. Kg3 Kf6 40. f4 Kf5 41. Kf3 h4 42. Ke3 g6 43. Kf3 Ne4 44. Nd3 g5 45. Ke3 g4 46. hxg4+ Kxg4 47. Ne5+ Kg3 48. f5 h3 49. Nf3 Kg4 50. Ne5+ Kxf5 51. Kf3 Nd2+ 52. Kg3 Ke4 53. Nc6 Nxb3 54. axb3 a4 55. bxa4 b3 56. Na7 Kxd4 57. Nb5+ Kc4 58. Kxh3 b2 59. Na3+ Kb3 60. Nb1 Kxa4 61. Kg3 Kb3 62. Kf2 Kc2 63. Na3+ Kb3 64. Nb1 Kc2 65. Na3+ Kd2 66. Nb1+ Kc2 1/2-1/2

[Event "USA-ch U16"]
[Site "Saint Louis"]
[Date "2015.07.13"]
[Round "7"]
[White "Bodek, Michael H"]
[Black "Shen, Arthur"]
[Result "0-1"]
[WhiteElo "2425"]
[BlackElo "2339"]
[PlyCount "82"]
[EventDate "2015.07.07"]
[EventType "tourn"]
[EventRounds "9"]
[EventCountry "USA"]
[EventCategory "6"]
[SourceTitle "CBM 167 Extra"]
[Source "ChessBase"]
[SourceDate "2015.09.14"]
[SourceVersion "1"]
[SourceVersionDate "2015.09.14"]
[SourceQuality "1"]

1. c4 g6 2. Nc3 c5 3. g3 Bg7 4. Bg2 Nc6 5. Nf3 Nh6 6. h4 Nf5 7. h5 0-0 8. d3 e6 9. Bg5 Qb6 10. Qc1 h6 11. Bd2 g5 12. Na4 Qc7 13. Nxc5 d5 14. Bc3 d4 15. Bd2 b6 16. Ne4 f6 17. b4 Rb8 18. b5 Ne5 19. Nxe5 Qxe5 20. a4 Bb7 21. 0-0 Bxe4 22. dxe4 Nd6 23. Bb4 Rfd8 24. c5 Nxe4 25. c6 Nc3 26. Bxc3 dxc3 27. a5 bxa5 28. Rxa5 f5 29. Rxa7 Qc5 30. Qa1 Rxb5 31. Kh2 Be5 32. Qa2 Re8 33. Ra8 Bb8 34. Rc1 Rb2 35. Qa4 Rf8 36. Rc2 Qxf2 37. c7 Bxc7 38. Rxf8+ Kxf8 39. Rxc3 Rb1 40. Qa3+ Kg8 41. Qa8+ Bb8 0-1

[Event "USA-ch U16"]
[Site "Saint Louis"]
[Date "2015.07.10"]
[Round "4"]
[White "Shen, Arthur"]
[Black "Liang, Awonder"]
[Result "1-0"]
[WhiteElo "2339"]
[BlackElo "2404"]
[PlyCount "81"]
[EventDate "2015.07.07"]
[EventType "tourn"]
[EventRounds "9"]
[EventCountry "USA"]
[EventCategory "6"]
[SourceTitle "CBM 167 Extra"]
[Source "ChessBase"]
[SourceDate "2015.09.14"]
[SourceVersion "1"]
[SourceVersionDate "2015.09.14"]
[SourceQuality "1"]

1. e4 e5 2. Nf3 Nc6 3. Bc4 Bc5 4. d3 Nf6 5. 0-0 d6 6. c3 a6 7. Bb3 Ba7 8. Re1 0-0 9. h3 h6 10. Nbd2 Be6 11. Bc2 Ne7 12. Nf1 Ng6 13. d4 c6 14. Be3 Qc7 15. Ng3 c5 16. Qd2 Rfd8 17. Nf5 d5 18. Bxh6 Nxe4 19. Bxe4 dxe4 20. Nxg7 exf3 21. Qg5 Qe7 22. Nxe6 Qxg5 23. Nxg5 fxg2 24. dxe5 Re8 25. e6 fxe6 26. Nxe6 c4 27. Re4 Re7 28. Kxg2 Rae8 29. Rae1 b5 30. Bg5 Rf7 31. f3 Rf5 32. h4 Bb8 33. f4 Rd5 34. Nd4 Rf8 35. Re8 Ba7 36. h5 Nxf4+ 37. Bxf4 Bxd4 38. Rxf8+ Kxf8 39. cxd4 Rxh5 40. Re6 Rh4 41. Be5 1-0

[Event "Arlington DC op 3rd"]
[Site "Arlington"]
[Date "2015.06.28"]
[Round "6"]
[White "Shen, Arthur"]
[Black "McShane, Luke J"]
[Result "0-1"]
[WhiteElo "2339"]
[BlackElo "2685"]
[PlyCount "46"]
[EventDate "2015.06.25"]
[EventType "swiss"]
[EventRounds "9"]
[EventCountry "USA"]
[SourceTitle "CBM 167 Extra"]
[Source "ChessBase"]
[SourceDate "2015.09.14"]
[SourceVersion "1"]
[SourceVersionDate "2015.09.14"]
[SourceQuality "1"]

1. e4 e5 2. Nf3 Nc6 3. Bc4 Bc5 4. d3 Nf6 5. 0-0 d6 6. c3 a6 7. Bb3 Ba7 8. Re1 h6 9. h3 g5 10. d4 g4 11. hxg4 Bxg4 12. Bd5 Rg8 13. Bxc6+ bxc6 14. dxe5 Bxf3 15. Qxf3 Ng4 16. Rf1 Nxe5 17. Qh3 Qd7 18. Qxd7+ Kxd7 19. Nd2 Rg4 20. Kh2 Rh4+ 21. Kg3 Rh5 22. Nf3 Rg8+ 23. Kf4 Nd3# 0-1

[Event "Chicago op 24th"]
[Site "Chicago"]
[Date "2015.05.24"]
[Round "6"]
[White "Stukopin, Andrey"]
[Black "Shen, Arthur"]
[Result "1/2-1/2"]
[WhiteElo "2573"]
[BlackElo "2346"]
[PlyCount "102"]
[EventDate "2015.05.21"]
[EventType "swiss"]
[EventRounds "9"]
[EventCountry "USA"]
[SourceTitle "CBM 166 Extra"]
[Source "ChessBase"]
[SourceDate "2015.06.18"]
[SourceVersion "1"]
[SourceVersionDate "2015.06.18"]
[SourceQuality "1"]

1. e4 c5 2. Nf3 d6 3. d4 cxd4 4. Nxd4 Nf6 5. Nc3 a6 6. Be2 e6 7. 0-0 Be7 8. f4 0-0 9. Kh1 Nc6 10. a4 Qc7 11. Be3 Re8 12. Bf3 Bf8 13. Bf2 Nxd4 14. Qxd4 e5 15. Qd2 exf4 16. Bd4 Be7 17. Qxf4 Be6 18. Qg3 g6 19. e5 dxe5 20. Bxe5 Qc8 21. Bd4 Nd7 22. Nd5 Bd8 23. Qf4 Qxc2 24. Rae1 Qc4 25. b3 Qd3 26. Bg4 Bg5 27. Qxg5 Qxd4 28. Nc7 h6 29. Qf4 Qxf4 30. Rxf4 Bxg4 31. Nxe8 h5 32. h3 Bf5 33. Nd6 Be6 34. Nxf7 Bxf7 35. Re7 Be8 36. a5 Rb8 37. Rd4 Nf8 38. Kh2 Bc6 39. g4 hxg4 40. Rxg4 Re8 41. Rge4 Bxe4 42. Rxe8 Bd5 43. Re7 Ne6 44. b4 Kf8 45. Rh7 Ng7 46. Rh8+ Ke7 47. Kg3 Ne6 48. h4 Nd8 49. h5 gxh5 50. Rxh5 Kd6 51. Kf2 Nc6 1/2-1/2

[Event "Chicago op 24th"]
[Site "Chicago"]
[Date "2015.05.23"]
[Round "5"]
[White "Shen, Arthur"]
[Black "Ynojosa Aponte, Felix Jose"]
[Result "1/2-1/2"]
[WhiteElo "2346"]
[BlackElo "2412"]
[PlyCount "54"]
[EventDate "2015.05.21"]
[EventType "swiss"]
[EventRounds "9"]
[EventCountry "USA"]
[SourceTitle "CBM 166 Extra"]
[Source "ChessBase"]
[SourceDate "2015.06.18"]
[SourceVersion "1"]
[SourceVersionDate "2015.06.18"]
[SourceQuality "1"]

1. e4 c5 2. Nf3 Nc6 3. Bb5 e6 4. 0-0 Nge7 5. d4 cxd4 6. Nxd4 a6 7. Be2 Nxd4 8. Qxd4 Nc6 9. Qc3 b5 10. f4 Bb7 11. f5 Rc8 12. fxe6 dxe6 13. Bh5 Rc7 14. Bf4 Rd7 15. Nd2 b4 16. Qg3 g6 17. Bg4 Bg7 18. Nc4 0-0 19. Rad1 f5 20. exf5 exf5 21. Be2 Kh8 22. Ne5 Nxe5 23. Bxe5 Qb6+ 24. Kh1 Rxd1 25. Rxd1 Qe6 26. Bxg7+ Kxg7 27. Bf3 Bxf3 1/2-1/2

[Event "Philadelphia op 9th"]
[Site "Philadelphia"]
[Date "2015.04.05"]
[Round "9"]
[White "Shen, Arthur"]
[Black "Homa, Seth"]
[Result "1-0"]
[WhiteElo "2316"]
[BlackElo "2367"]
[PlyCount "115"]
[EventDate "2015.04.01"]
[EventType "swiss"]
[EventRounds "9"]
[EventCountry "USA"]
[SourceTitle "CBM 165 Extra"]
[Source "ChessBase"]
[SourceDate "2015.04.21"]
[SourceVersion "1"]
[SourceVersionDate "2015.04.21"]
[SourceQuality "1"]

1. e4 c5 2. Nf3 e6 3. d4 cxd4 4. Nxd4 Nc6 5. Nc3 Qc7 6. Be3 a6 7. Qf3 Nf6 8. 0-0-0 Ne5 9. Qg3 h5 10. Bf4 d6 11. Bg5 Be7 12. f4 h4 13. Qe1 Ng6 14. Nf3 Nh5 15. Bxe7 Qxe7 16. e5 dxe5 17. fxe5 Bd7 18. Ne4 Bc6 19. g3 Rd8 20. Bd3 Bxe4 21. Bxe4 Rxd1+ 22. Kxd1 Nf8 23. Kc1 hxg3 24. hxg3 Rh6 25. g4 Nf4 26. Rxh6 gxh6 27. Qe3 N8g6 28. Qa7 Qc7 29. Qxb7 Nd3+ 30. Kd2 Qxb7 31. Bxb7 Ndxe5 32. Nxe5 Nxe5 33. Bxa6 Nxg4 34. a4 h5 35. a5 Kd8 36. b4 h4 37. Bf1 Kc7 38. c4 Ne5 39. c5 f5 40. a6 f4 41. b5 f3 42. b6+ Kb8 43. a7+ Ka8 44. Ke3 Nd7 45. Kxf3 Nxc5 46. Bg2 h3 47. Bh1 e5 48. Kg3+ e4 49. Kxh3 Nb7 50. Kg3 e3 51. Bxb7+ Kxb7 52. Kf3 Ka8 53. Kxe3 Kb7 54. Kd4 Ka8 55. Kc5 Kb7 56. a8Q+ Kxa8 57. Kc6 Kb8 58. b7 1-0

[Event "Philadelphia op 9th"]
[Site "Philadelphia"]
[Date "2015.04.04"]
[Round "7"]
[White "Shen, Arthur"]
[Black "Rohde, Michael A"]
[Result "1/2-1/2"]
[WhiteElo "2316"]
[BlackElo "2455"]
[PlyCount "85"]
[EventDate "2015.04.01"]
[EventType "swiss"]
[EventRounds "9"]
[EventCountry "USA"]
[SourceTitle "CBM 165 Extra"]
[Source "ChessBase"]
[SourceDate "2015.04.21"]
[SourceVersion "1"]
[SourceVersionDate "2015.04.21"]
[SourceQuality "1"]

1. e4 c5 2. Nf3 e6 3. d4 cxd4 4. Nxd4 Nc6 5. Nc3 Qc7 6. Be3 Nf6 7. f4 Bb4 8. Ndb5 Qa5 9. e5 Nd5 10. Bd2 Nxc3 11. Bxc3 0-0 12. Qd2 f6 13. exf6 Rxf6 14. Be2 a6 15. Nd6 Bxc3 16. bxc3 Ne7 17. 0-0 Nd5 18. Ne4 Rf8 19. f5 Qb6+ 20. Qd4 Qxd4+ 21. cxd4 Ne3 22. fxe6 Rxf1+ 23. Bxf1 dxe6 24. Bd3 Nf5 25. c3 h6 26. a4 b6 27. Rb1 Rb8 28. Nc5 a5 29. Na6 Rb7 30. Be4 Ra7 31. Nb8 Nd6 32. Bc6 Nc4 33. Kf2 Bb7 34. Ke2 Bxc6 35. Nxc6 Rc7 36. Ne5 Nxe5 37. dxe5 Rc6 38. Kd3 Kf7 39. Kd4 h5 40. Rf1+ Ke7 41. Rb1 Kf7 42. Rf1+ Ke7 43. Rb1 1/2-1/2

[Event "USA-ch U20"]
[Site "Saint Louis"]
[Date "2014.06.22"]
[Round "3"]
[White "Shen, Arthur"]
[Black "Harmon Vellotti, Luke"]
[Result "0-1"]
[WhiteElo "2331"]
[BlackElo "2412"]
[PlyCount "96"]
[EventDate "2014.06.20"]
[EventType "tourn"]
[EventRounds "9"]
[EventCountry "USA"]
[EventCategory "5"]
[SourceTitle "CBM 161 Extra"]
[Source "ChessBase"]
[SourceDate "2014.08.29"]
[SourceVersion "1"]
[SourceVersionDate "2014.08.29"]
[SourceQuality "1"]

1. e4 e6 2. d4 d5 3. Nd2 Nc6 4. Ngf3 Nf6 5. e5 Nd7 6. Bd3 Nb4 7. Be2 c5 8. c3 Nc6 9. 0-0 Qb6 10. Nb3 cxd4 11. cxd4 a5 12. a4 Be7 13. Bb5 0-0 14. Re1 Re8 15. Bf4 Nf8 16. Re3 Bd7 17. Ng5 Bxg5 18. Bxg5 Ne7 19. Bd3 Nf5 20. Rh3 Rac8 21. Nc5 h6 22. Bf6 Rxc5 23. dxc5 Qb4 24. g4 Ne7 25. g5 Neg6 26. Kh1 Qf4 27. Bxg7 Kxg7 28. gxh6+ Kh8 29. Rf3 Qxh6 30. Qe2 Kg7 31. Rg3 Bc6 32. Rag1 Qf4 33. Qh5 Qxf2 34. Bxg6 Nxg6 35. Rxg6+ Kf8 36. R6g2 d4 37. h3 Qf4 38. Re1 Ke7 39. Qg4 Qxg4 40. hxg4 d3 41. Kg1 Bxg2 42. Kxg2 d2 43. Rd1 Rd8 44. Kf3 Rd5 45. Kf4 Kd7 46. Kg5 Rxe5+ 47. Kf6 Re2 48. Kxf7 Rf2+ 0-1

[Event "Philadelphia op 8th"]
[Site "Philadelphia"]
[Date "2014.04.18"]
[Round "4"]
[White "Carreto Nieto, Geovanni"]
[Black "Shen, Arthur"]
[Result "1/2-1/2"]
[WhiteElo "2201"]
[BlackElo "2353"]
[PlyCount "37"]
[EventDate "2014.04.16"]
[EventType "swiss"]
[EventRounds "9"]
[EventCountry "USA"]
[SourceTitle "CBM 159 Extra"]
[Source "ChessBase"]
[SourceDate "2014.04.24"]
[SourceVersion "1"]
[SourceVersionDate "2014.04.24"]
[SourceQuality "1"]

1. e4 e5 2. Nf3 Nc6 3. Bc4 Bc5 4. 0-0 Nf6 5. Qe2 0-0 6. d3 d6 7. c3 Bb6 8. Bb3 Ne7 9. Be3 Ng6 10. Nbd2 Nh5 11. g3 Bg4 12. h3 Bxh3 13. Ng5 Nxg3 14. Qf3 Bxe3 15. Nxf7 Qh4 16. fxe3 Nxf1 17. Nd8+ Kh8 18. Qxf8+ Nxf8 19. Nf7+ 1/2-1/2

[Event "North American op 23rd"]
[Site "Las Vegas"]
[Date "2013.12.26"]
[Round "1"]
[White "Gareyev, Timur"]
[Black "Shen, Arthur"]
[Result "1-0"]
[WhiteElo "2650"]
[BlackElo "2319"]
[PlyCount "77"]
[EventDate "2013.12.26"]
[EventType "swiss"]
[EventRounds "9"]
[EventCountry "USA"]
[SourceTitle "CBM 158 Extra"]
[Source "ChessBase"]
[SourceDate "2014.02.28"]
[SourceVersion "1"]
[SourceVersionDate "2014.02.28"]
[SourceQuality "1"]

1. Nf3 d5 2. c4 c6 3. e3 Nf6 4. Nc3 Nbd7 5. d4 e6 6. Qc2 Bd6 7. Be2 0-0 8. 0-0 dxc4 9. Bxc4 b5 10. Be2 a6 11. e4 e5 12. h3 Qe7 13. a3 c5 14. d5 c4 15. a4 Rb8 16. axb5 axb5 17. Ra7 Ne8 18. Ra5 Nc7 19. Be3 Bc5 20. Qd2 Qd6 21. Rfa1 Bb4 22. R5a2 Nc5 23. Qc2 Nb3 24. Rd1 Bd7 25. Nb1 f5 26. Nbd2 f4 27. Ba7 Nxd2 28. Nxd2 Ra8 29. Rda1 Bc8 30. f3 Rxa7 31. Rxa7 Bc5+ 32. Kh1 Bxa7 33. Rxa7 Ba6 34. Qc1 Qc5 35. Qg1 Qb4 36. Rxc7 Qxd2 37. Qa7 Qe1+ 38. Bf1 Qxf1+ 39. Kh2 1-0

[Event "Los Angeles Metropolitan 29th"]
[Site "Los Angeles"]
[Date "2013.08.15"]
[Round "2"]
[White "Atoufi, Pedram"]
[Black "Shen, Arthur"]
[Result "1-0"]
[WhiteElo "2269"]
[BlackElo "2334"]
[PlyCount "57"]
[EventDate "2013.08.14"]
[EventType "tourn"]
[EventRounds "9"]
[EventCountry "USA"]
[EventCategory "1"]
[SourceTitle "CBM 156 Extra"]
[Source "ChessBase"]
[SourceDate "2013.10.22"]
[SourceVersion "1"]
[SourceVersionDate "2013.10.22"]
[SourceQuality "1"]

1. e4 c5 2. Nf3 d6 3. c3 Nf6 4. Bd3 Nc6 5. Bc2 e5 6. 0-0 Bg4 7. h3 Bh5 8. d3 Qd7 9. Bg5 Be7 10. Na3 0-0 11. Bxf6 Bxf6 12. Nxe5 Qxh3 13. gxh3 Bxd1 14. Nd7 Bxc2 15. Nxc2 Rfd8 16. Nxf6+ gxf6 17. Ne3 Ne7 18. c4 f5 19. f3 f6 20. Kh2 Kf7 21. Rg1 fxe4 22. fxe4 Rg8 23. Rgf1 Rg6 24. Rf2 Ke6 25. Raf1 Rf8 26. h4 Rfg8 27. Rf4 Ke5 28. R1f2 Kd4 29. Nf5+ 1-0

[Event "Los Angeles Metropolitan 29th"]
[Site "Los Angeles"]
[Date "2013.08.14"]
[Round "1"]
[White "Shen, Arthur"]
[Black "Casella, Michael"]
[Result "1-0"]
[WhiteElo "2334"]
[BlackElo "2224"]
[PlyCount "91"]
[EventDate "2013.08.14"]
[EventType "tourn"]
[EventRounds "9"]
[EventCountry "USA"]
[EventCategory "1"]
[SourceTitle "CBM 156 Extra"]
[Source "ChessBase"]
[SourceDate "2013.10.22"]
[SourceVersion "1"]
[SourceVersionDate "2013.10.22"]
[SourceQuality "1"]

1. d4 Nf6 2. c4 g6 3. Nc3 d5 4. cxd5 Nxd5 5. Bd2 Bg7 6. e4 Nxc3 7. Bxc3 0-0 8. Nf3 c5 9. d5 Bg4 10. h3 Bxf3 11. Qxf3 Qd6 12. Bxg7 Kxg7 13. 0-0-0 Nd7 14. Bb5 Ne5 15. Qc3 a6 16. Be2 f6 17. f4 Nd7 18. Qe3 c4 19. Kb1 Rac8 20. Bg4 Rc7 21. Rhe1 Qc5 22. e5 f5 23. d6 exd6 24. exd6 Qxe3 25. Rxe3 Rcc8 26. Bf3 Nc5 27. Re7+ Rf7 28. Rde1 Rd8 29. Rc7 Ne4 30. Bxe4 fxe4 31. Rxe4 Rxd6 32. Ree7 Rdf6 33. Rxb7 Rxf4 34. Rxf7+ Rxf7 35. Rxf7+ Kxf7 36. Kc2 Ke6 37. Kc3 Kd5 38. Kb4 g5 39. Ka5 Ke5 40. Kxa6 Kf4 41. Kb5 Kg3 42. a4 Kxg2 43. a5 Kxh3 44. a6 g4 45. a7 g3 46. a8Q 1-0

[Event "World op 41st"]
[Site "Arlington"]
[Date "2013.07.06"]
[Round "7"]
[White "Hossain, Enamul"]
[Black "Shen, Arthur"]
[Result "0-1"]
[WhiteElo "2465"]
[BlackElo "2286"]
[PlyCount "50"]
[EventDate "2013.07.01"]
[EventType "swiss"]
[EventRounds "9"]
[EventCountry "USA"]
[SourceTitle "CBM 155 Extra"]
[Source "ChessBase"]
[SourceDate "2013.08.26"]
[SourceVersion "1"]
[SourceVersionDate "2013.08.26"]
[SourceQuality "1"]

1. e4 e5 2. Nf3 Nc6 3. Bb5 a6 4. Ba4 Nge7 5. Bb3 d5 6. Nc3 Be6 7. Ng5 Nd4 8. Nxe6 fxe6 9. Ne2 Nxb3 10. axb3 Ng6 11. 0-0 Bd6 12. d4 0-0 13. dxe5 Nxe5 14. h3 dxe4 15. Nc3 Qh4 16. Ra4 Nf3+ 17. Kh1 Nh2 18. Rxe4 Rxf2 19. Rxf2 Qxf2 20. Rxe6 Nf1 21. Ne4 Ng3+ 22. Nxg3 Qxg3 23. Qg1 Rf8 24. Re3 Qf2 25. Rc3 Qe2 0-1

[Event "World op 41st"]
[Site "Arlington"]
[Date "2013.07.03"]
[Round "3"]
[White "Shen, Arthur"]
[Black "Amanov, Mesgen"]
[Result "1-0"]
[WhiteElo "2286"]
[BlackElo "2484"]
[PlyCount "47"]
[EventDate "2013.07.01"]
[EventType "swiss"]
[EventRounds "9"]
[EventCountry "USA"]
[SourceTitle "CBM 155 Extra"]
[Source "ChessBase"]
[SourceDate "2013.08.26"]
[SourceVersion "1"]
[SourceVersionDate "2013.08.26"]
[SourceQuality "1"]

1. e4 c5 2. Nf3 d6 3. d4 cxd4 4. Nxd4 Nf6 5. Nc3 a6 6. Be3 e5 7. Nb3 Be6 8. h3 Be7 9. f4 exf4 10. Bxf4 Nc6 11. Qe2 Nd7 12. 0-0-0 Nde5 13. Qd2 Ng6 14. Be3 Rc8 15. Kb1 0-0 16. g4 Nce5 17. Nd4 Bc4 18. Nf5 Bxf1 19. Rhxf1 Nc4 20. Qe1 Bh4 21. Bf2 Bxf2 22. Qxf2 Na3+ 23. bxa3 Rxc3 24. Qd4 1-0

[Event "Philadelphia op 7th"]
[Site "Philadelphia"]
[Date "2013.03.30"]
[Round "6"]
[White "Shen, Arthur"]
[Black "Cheng, Bindi"]
[Result "1-0"]
[WhiteElo "2227"]
[BlackElo "2409"]
[PlyCount "123"]
[EventDate "2013.03.27"]
[EventType "swiss"]
[EventRounds "9"]
[EventCountry "USA"]
[SourceTitle "CBM 153 Extra"]
[Source "ChessBase"]
[SourceDate "2013.04.22"]
[SourceVersion "1"]
[SourceVersionDate "2013.04.22"]
[SourceQuality "1"]

1. e4 d5 2. exd5 Qxd5 3. Nc3 Qd6 4. d4 Nf6 5. Nb5 Qd8 6. c4 c6 7. Nc3 g6 8. h3 Bg7 9. Nf3 0-0 10. Be2 Bf5 11. 0-0 Ne4 12. Nxe4 Bxe4 13. Qb3 Qb6 14. Be3 Na6 15. Qxb6 axb6 16. a3 Nc7 17. Rad1 b5 18. Ng5 Bf5 19. Bf4 Rac8 20. Bxc7 Rxc7 21. cxb5 cxb5 22. Bxb5 Rc2 23. b3 Rc3 24. Bc4 Bc2 25. Rd2 Bxb3 26. Bxb3 Rxb3 27. Nf3 Ra8 28. Rc2 Bf6 29. Ra1 Raxa3 30. Rxa3 Rxa3 31. Rb2 Ra7 32. g4 h6 33. Kg2 Kf8 34. Kg3 Ke8 35. Ne5 Bxe5+ 36. dxe5 Kd7 37. f4 Ra3+ 38. Kh4 Kc7 39. Rc2+ Kb8 40. Rd2 Rc3 41. Rd7 Rc7 42. Rd8+ Ka7 43. e6 fxe6 44. Rg8 e5 45. Rxg6 exf4 46. Rxh6 Rc1 47. Re6 Rc8 48. g5 Rf8 49. Rxe7 f3 50. Re1 b5 51. g6 f2 52. Rf1 b4 53. Kg5 b3 54. g7 Rg8 55. Kg6 b2 56. Kf7 Rb8 57. Rb1 Ka6 58. g8Q Rxg8 59. Kxg8 Ka5 60. h4 Ka4 61. h5 Ka3 62. Rf1 1-0

[Event "Philadelphia op"]
[Site "Philadelphia"]
[Date "2011.04.22"]
[Round "4"]
[White "Shen, Arthur"]
[Black "De Firmian, Nick E"]
[Result "0-1"]
[WhiteElo "2132"]
[BlackElo "2546"]
[PlyCount "106"]
[EventDate "2011.04.20"]
[EventType "swiss"]
[EventRounds "9"]
[EventCountry "USA"]
[SourceTitle "CBM 141 Extra"]
[Source "ChessBase"]
[SourceDate "2011.05.03"]
[SourceVersion "1"]
[SourceVersionDate "2011.05.03"]
[SourceQuality "1"]

1. e4 c5 2. Nf3 Nc6 3. d4 cxd4 4. Nxd4 Nf6 5. Nc3 Qb6 6. Nb3 e6 7. Be3 Qc7 8. Qe2 Bb4 9. Bd2 0-0 10. 0-0-0 d5 11. exd5 exd5 12. Nb5 Bxd2+ 13. Qxd2 Qb6 14. Nc3 Rd8 15. Bd3 a5 16. Qf4 Be6 17. a3 d4 18. Na4 Qa7 19. Nac5 Bd5 20. Ne4 Bxe4 21. Bxe4 Nxe4 22. Qxe4 a4 23. Nd2 d3 24. cxd3 Qxf2 25. Rhf1 Qc5+ 26. Kb1 Rd7 27. Nf3 h6 28. d4 Qb5 29. d5 Rad8 30. Rfe1 Rxd5 31. Rxd5 Qxd5 32. Qxa4 b5 33. Qe4 Qd6 34. Nh4 b4 35. Nf5 Qd2 36. Qe3 bxa3 37. Qxd2 Rxd2 38. bxa3 Rxg2 39. Rc1 Ne5 40. Rc2 Rg1+ 41. Kb2 g6 42. Nd4 Rd1 43. Ne2 f5 44. a4 g5 45. Kb3 f4 46. a5 Ra1 47. Ra2 Rxa2 48. Kxa2 Nc6 49. Kb3 Nxa5+ 50. Kc3 Kf7 51. h4 Kf6 52. hxg5+ hxg5 53. Kd3 Ke5 0-1

[Event "USA tt"]
[Site "ICC INT"]
[Date "2010.09.07"]
[Round "3"]
[White "Shen, Arthur"]
[Black "Cherniack, Alex"]
[Result "0-1"]
[WhiteElo "2113"]
[BlackElo "2226"]
[PlyCount "68"]
[EventDate "2010.08.23"]
[EventType "team"]
[EventRounds "10"]
[EventCountry "USA"]
[SourceTitle "CBM 138 Extra"]
[Source "ChessBase"]
[SourceDate "2010.10.29"]
[SourceVersion "1"]
[SourceVersionDate "2010.10.29"]
[SourceQuality "1"]

1. e4 e6 2. d4 d5 3. Nc3 Bb4 4. Nge2 Nc6 5. a3 Be7 6. Be3 dxe4 7. Nxe4 Nf6 8. Nxf6+ Bxf6 9. Qd2 e5 10. d5 Ne7 11. 0-0-0 Nf5 12. Bc5 Nd6 13. Qe3 0-0 14. Kb1 Re8 15. f3 Bg5 16. Qb3 f5 17. Ng3 g6 18. Bd3 a6 19. c4 b6 20. Bb4 a5 21. Bd2 Nb7 22. Bxg5 Qxg5 23. Qb5 Qe7 24. h4 Nc5 25. d6 cxd6 26. Bc2 Bd7 27. Qxb6 Ra6 28. Qxa6 Nxa6 29. h5 Nc5 30. hxg6 hxg6 31. Nf1 Be6 32. Ne3 Rb8 33. Rh6 Qb7 34. b4 axb4 0-1